000 01449pab a2200181 454500
008 180718b2010 xxu||||| |||| 00| 0 eng d
100 _aTumbe, Chinmay
245 _aSmall states, small districts or small blocks: The size of administrative units in independent India
260 _c2010
300 _ap.860-887.
362 _aOct-Dec
520 _aThe recent Telangana agitation and the numerous demands for small states have once again brought the sportlight on the relationship between state size and development. This article presents facts on the size of states, districts and Blocks to broaden the discussion on administrative unit size and development. At all three administrative unit levels, the article discusses how the units have evolved since Independence, whether smaller units have out-performed larger units, whether an optimal size exists and the feasibility of creating new units in the future. We find some evidence that small states and small-area districts have better development indicators than their larger counterparts. Small states also tend to have smaller districts and smaller blocks than big states which suggests that `smallness" may help not only in better articulation of regional interests but also in better implementation of development programmes. - Reproduced.
650 _aPublic administration
650 _aState
773 _aIndian Journal of Public Administration
908 _aN
909 _a90673
999 _c90673
_d90673